FC 24 TOTW 19 - Statistics

General Stats
  • This quiz has been taken 5 times
  • The average score is 5 of 18
Answer Stats
rat pos club player % Correct
TOTW 87 ST Juventus Dušan Vlahović
100%
TOTW 86 LW FC Barcelona Ferran Torres
100%
TOTW 85 RW Borussia Dortmund Donyell Malen
67%
TOTW 85 LM Freiburg Vincenzo Grifo
67%
TOTW 87 CAM Chelsea Women Lauren James
33%
TOTW 83 LM Girona Sávio
33%
TOTW 87 LB OL Féminin Selma Bacha
33%
TOTW 83 CAM Empoli Szymon Żurkowski
33%
TOTW 86 ST Galatasaray Wilfried Zaha
33%
TOTW 83 CDM Porto Alan Varela
0%
TOTW 83 CDM Coventry City Ben Sheaf
0%
TOTW 83 LB NEC Nijmegen Calvin Verdonk
0%
TOTW 86 ST Liverpool Diogo Jota
0%
TOTW 86 CB Arsenal Gabriel Magalhães
0%
TOTW 83 GK Rio Ave Jhonatan
0%
TOTW 83 GK Greuther Fürth Jonas Urbig
0%
TOTW 83 RWB Werder Bremen Mitchell Weiser
0%
TOTW 83 CF Royal Antwerp Vincent Janssen
0%
No matching quizzes found
Score Distribution
Percent of People with Each Score
Percentile by Number Answered
Your Score History
You have not taken this quiz